000 00215 a2200097 4500
001 45759
100 _aHill Mc
245 _aEncyclopedia of world art
260 _aNew York
_bMcGraw-Hill
_c
090 _c28885
_d28885
942 _aNUST-CAE
_cM
_c20985
999 _c280832
_d280832